[Event "Württ Kandidatenturnier"]
[Site "Stuttgart"]
[Date "2015.08.31"]
[Round "3.10"]
[White "Kolb, Roland"]
[Black "Ruff, Robert"]
[Result "1-0"]
[WhiteElo "2007"]
[BlackElo "1841"]
[PlyCount "115"]
[EventDate "2015.??.??"]
[EventCountry "GER"]
[WhiteTeam "SF Oeffingen"]
[BlackTeam "SK Sachsenheim"]

1. e4 e6 2. d4 d5 3. e5 c5 4. c3 Nc6 5. Nf3 Qb6 6. Be2 cxd4 7. cxd4 Nge7 8. Nc3
Nf5 9. Bb5 Bd7 10. Bxc6 Bxc6 11. O-O Bb4 12. g4 Ne7 13. Bg5 h6 14. Be3 Rc8 15.
a4 Bd7 16. Qd3 Bxc3 17. bxc3 Qa5 18. Rfc1 Bxa4 19. Bd2 Rc4 20. Rcb1 b5 21. h4
Qc7 22. Kg2 g6 23. Rb2 a6 24. Ne1 Nc6 25. Qf3 Qe7 26. g5 h5 27. Nd3 Qa7 28. Nc5
Rf8 29. Nxa4 bxa4 30. Qd1 Ke7 31. Rxa4 Rb8 32. Rxc4 dxc4 33. Ra2 Qb7 34. Qf3
Ke8 35. Bc1 Rc8 36. Rb2 Qd7 37. Rb6 a5 38. Ba3 Qd5 39. Qxd5 exd5 40. Rb5 Ne7
41. Rxa5 Rd8 42. Bd6 Nf5 43. Rxd5 Nxh4+ 44. Kg3 Nf5+ 45. Kf3 Nxd6 46. exd6 Kd7
47. Kf4 Rc8 48. Ke5 Re8+ 49. Kf6 Re6+ 50. Kxf7 Rxd6 51. Re5 Kd8 52. f4 Kd7 53.
f5 gxf5 54. g6 Rxd4 55. cxd4 c3 56. Rc5 c2 57. g7 f4 58. g8=Q 1-0

[Event "Württ Kandidatenturnier"]
[Site "Stuttgart"]
[Date "2015.08.31"]
[Round "3.11"]
[White "Lüdke, Joshua"]
[Black "Klaiß, Thomas"]
[Result "1/2-1/2"]
[WhiteElo "1823"]
[BlackElo "1979"]
[PlyCount "129"]
[EventDate "2015.??.??"]
[EventCountry "GER"]
[WhiteTeam "SV Marbach"]
[BlackTeam "SF Dornstetten-Pfalzgrafenweiler"]

1. d4 {[%emt 0:00:00]} Nf6 2. c4 e6 3. Nf3 b6 4. Nc3 Bb7 5. Bg5 Bb4 6. Qb3 c5
7. e3 h6 8. Bxf6 Qxf6 9. Be2 Nc6 10. a3 Bxc3+ 11. Qxc3 d6 12. Rc1 cxd4 13. Nxd4
Nxd4 14. Qxd4 e5 15. Qg4 O-O 16. O-O Rfd8 17. Rfd1 Rac8 18. b4 Rc7 19. Bf3 Bc8
20. Qg3 Be6 21. Bd5 Rdc8 22. Qf3 Qg6 23. h3 Bf5 24. e4 Bd7 25. Qe3 Be6 26. Qd3
Bd7 27. Rc3 Qf6 28. Qe3 Qe7 29. Rdc1 Be8 30. Kh2 Bd7 31. f4 exf4 32. Qxf4 Be6
33. Rg3 Bxd5 34. exd5 Qe5 35. Qxe5 dxe5 36. Rgc3 Kf8 37. Kg3 Ke7 38. Kf3 Kd6
39. Ke4 f6 40. g4 g6 41. R3c2 h5 42. Rc3 hxg4 43. hxg4 f5+ 44. gxf5 gxf5+ 45.
Kxf5 Rf7+ 46. Ke4 Rf4+ 47. Kd3 Rd4+ 48. Ke3 a5 49. c5+ bxc5 50. Rxc5 Rxc5 51.
bxc5+ Kc7 52. d6+ Kc6 53. Rc3 Rh4 54. Rd3 Rh8 55. d7 Rd8 56. Ke4 Kxc5 57. Kxe5
Kc4 58. Rd4+ Kb3 59. a4 Rxd7 60. Rxd7 Kxa4 61. Rb7 Ka3 62. Kd4 a4 63. Kc3 Ka2
64. Kc2 Ka3 65. Kb1 1/2-1/2

[Event "Württ Kandidatenturnier"]
[Site "Stuttgart"]
[Date "2015.08.31"]
[Round "3.12"]
[White "Yi, Danny"]
[Black "Siegle, Florian"]
[Result "0-1"]
[WhiteElo "1745"]
[BlackElo "1944"]
[PlyCount "108"]
[EventDate "2015.??.??"]
[EventCountry "GER"]
[WhiteTeam "SF Kornwestheim"]
[BlackTeam "Stuttgarter SF"]

1. e4 e6 2. d4 c5 3. Nf3 d5 4. exd5 exd5 5. Nbd2 Nc6 6. Bb5 Qe7+ 7. Qe2 Qxe2+
8. Bxe2 Nb4 9. Bb5+ Bd7 10. Bxd7+ Kxd7 11. Kd1 f6 12. c3 Nd3 13. Rf1 c4 14. Kc2
b5 15. Ne1 Nxc1 16. Rxc1 Nh6 17. g3 Bd6 18. Ng2 Rhe8 19. h3 Re7 20. Rce1 Rae8
21. Nf3 Re2+ 22. Rxe2 Rxe2+ 23. Kc1 Bxg3 24. Ne3 Bxf2 25. Nxd5 Kd6 26. Nb4 Nf5
27. Nc2 Rxc2+ 28. Kxc2 Ne3+ 29. Kd2 Nxf1+ 30. Ke2 Be3 31. Kxf1 Bc1 32. b3 Bb2
33. Nd2 cxb3 34. axb3 Kd5 35. Nb1 a5 36. Ke2 b4 37. Kd3 bxc3 38. Nxc3+ Bxc3 39.
Kxc3 f5 40. Kd3 g5 41. Ke3 f4+ 42. Kd3 h5 43. Ke2 g4 44. hxg4 hxg4 45. Kd3 g3
46. Ke2 g2 47. Kf2 f3 48. Kg1 Kxd4 49. Kf2 Ke4 50. Kg1 Kf4 51. Kf2 Kg4 52. b4
axb4 53. Kg1 b3 54. Kf2 g1=Q+ 0-1

[Event "Württ Kandidatenturnier"]
[Site "Stuttgart"]
[Date "2015.08.31"]
[Round "3.13"]
[White "Zimmermann, Tobias"]
[Black "Zeyher, Marius"]
[Result "1/2-1/2"]
[WhiteElo "1804"]
[BlackElo "1918"]
[PlyCount "61"]
[EventDate "2015.??.??"]
[EventCountry "GER"]
[WhiteTeam "SC Botnang"]
[BlackTeam "SpVgg Rommelshausen"]

1. e4 {[%emt 0:00:00]} e6 2. d4 d5 3. Nd2 Nf6 4. Bd3 c5 5. c3 Nc6 6. Ne2 cxd4
7. cxd4 dxe4 8. Nxe4 Bb4+ 9. Bd2 O-O 10. O-O Bxd2 11. Qxd2 Nd5 12. a3 b6 13.
Qc2 Bb7 14. N4c3 Nf6 15. Rfd1 Ne7 16. Nf4 Rc8 17. Qe2 g6 18. Bc4 Ned5 19. Nfxd5
Nxd5 20. Nxd5 Bxd5 21. Ba6 Rc6 22. Qe5 f6 23. Qe3 Rf7 24. Rac1 Rfc7 25. Rxc6
Rxc6 26. Rc1 Qc7 27. Rxc6 Qxc6 28. Bf1 Qc2 29. Qc3 Qe4 30. Qd3 Qe1 31. Qc3
1/2-1/2

[Event "Württ Kandidatenturnier"]
[Site "Stuttgart"]
[Date "2015.08.31"]
[Round "3.14"]
[White "Offergeld, Detlef"]
[Black "Schömbs, Oliver"]
[Result "1-0"]
[WhiteElo "1721"]
[BlackElo "1917"]
[PlyCount "185"]
[EventDate "2015.??.??"]
[EventCountry "GER"]
[WhiteTeam "SF HN-Biberach"]
[BlackTeam "SC Ingersheim"]

1. e4 c5 2. f4 Nc6 3. Nf3 e6 4. g3 d5 5. Nc3 d4 6. Nb1 e5 7. Bb5 exf4 8. Ne5
Qc7 9. gxf4 Nf6 10. d3 Qa5+ 11. Nc3 dxc3 12. Bxc6+ bxc6 13. b3 Bd6 14. Nc4 Qc7
15. O-O Be7 16. Qe1 Bh3 17. Rf3 Be6 18. Qxc3 O-O-O 19. Bb2 Nh5 20. Qd2 Bg4 21.
Rff1 Rhg8 22. Bc3 g5 23. f5 Nf6 24. Qg2 Bh5 25. Ba5 Qd7 26. Kh1 Qd4 27. Bxd8
Bxd8 28. e5 Nd5 29. Nd6+ Kd7 30. Rae1 Ba5 31. Re4 Qc3 32. Nc4 Bc7 33. e6+ fxe6
34. fxe6+ Ke7 35. Rh4 Nf6 36. Rxh5 Nxh5 37. Rf7+ Kxe6 38. Rf1 Nf4 39. Qxc6+ Kf7
40. Qxc7+ Kf6 41. Qd6+ Kg7 42. Qxc5 Kh6 43. Qf2 Re8 44. Ne3 Qc8 45. Qf3 Qe6 46.
Ng4+ Kg6 47. d4 h5 48. Ne5+ Kg7 49. h4 Rf8 50. hxg5 Qe7 51. Qe4 Qe6 52. Qf3 Qa6
53. c4 Ne6 54. Qe2 Nxd4 55. Qd3 Qb7+ 56. Kh2 Rxf1 57. Qxf1 Qe7 58. Qf4 Ne6 59.
Qf6+ Qxf6 60. gxf6+ Kxf6 61. Nc6 a6 62. Kg3 Kf5 63. Nb4 Nc7 64. Kf3 Ke5 65. Ke3
h4 66. Nd3+ Kd6 67. b4 Ne6 68. a4 Kc6 69. Nf2 a5 70. b5+ Kb6 71. Nd3 h3 72. Kf3
Nd4+ 73. Kg3 Ne2+ 74. Kxh3 Nc3 75. Nb2 Kc5 76. Kg4 Ne4 77. Kf4 Kd4 78. Nd1 Nc5
79. Nb2 Ne6+ 80. Kf5 Nc5 81. Kf6 Nd7+ 82. Ke6 Nc5+ 83. Kd6 Ne4+ 84. Kc6 Kc3 85.
b6 Kxb2 86. b7 Ka3 87. b8=Q Kxa4 88. Qb5+ Ka3 89. Qxa5+ Kb3 90. Qd5 Nc3 91. c5+
Kb4 92. Qd4+ Kb3 93. Qxc3+ 1-0

[Event "Württ Kandidatenturnier"]
[Site "Stuttgart"]
[Date "2015.08.31"]
[Round "3.16"]
[White "Stark, Timo"]
[Black "Junginger, Andreas"]
[Result "1-0"]
[WhiteElo "1851"]
[BlackElo "1999"]
[PlyCount "75"]
[EventDate "2015.??.??"]
[EventCountry "GER"]
[WhiteTeam "SC Neckarsulm"]
[BlackTeam "SV Reutlingen"]

1. e4 {[%emt 0:00:00]} Nf6 {[%emt 0:00:00]} 2. e5 {[%emt 0:00:00]} Nd5 {[%emt
0:00:02]} 3. d4 {[%emt 0:00:00]} d6 {[%emt 0:00:06]} 4. exd6 {[%emt 0:00:00]}
exd6 {[%emt 0:00:00]} 5. Nf3 {[%emt 0:00:00]} Be7 {[%emt 0:00:00]} 6. c4 {
[%emt 0:00:00]} Nf6 {[%emt 0:00:00]} 7. Bd3 {[%emt 0:00:00]} O-O {[%emt 0:00:
00]} 8. O-O {[%emt 0:00:00]} Bg4 {[%emt 0:00:00]} 9. Nbd2 {[%emt 0:00:00]} Nc6
{[%emt 0:00:10]} 10. Qb3 {[%emt 0:00:25]} Qd7 {[%emt 0:00:00]} 11. a3 {[%emt 0:
00:00]} Rab8 {[%emt 0:00:00]} 12. Qc2 {[%emt 0:00:00]} Bh5 {[%emt 0:00:00]} 13.
b4 {[%emt 0:00:00]} Bg6 {[%emt 0:00:00]} 14. Bb2 {[%emt 0:00:00]} d5 {[%emt 0:
00:00]} 15. b5 {[%emt 0:00:00]} Bxd3 {[%emt 0:00:00]} 16. Qxd3 {[%emt 0:00:03]}
Na5 {[%emt 0:00:06]} 17. Ne5 {[%emt 0:00:00]} Qd8 {[%emt 0:00:00]} 18. c5 {
[%emt 0:00:00]} c6 {[%emt 0:00:00]} 19. a4 {[%emt 0:00:00]} b6 {[%emt 0:00:00]}
20. Bc3 {[%emt 0:00:00]} bxc5 {[%emt 0:00:00]} 21. Bxa5 {[%emt 0:00:00]} Qxa5 {
[%emt 0:00:00]} 22. Nxc6 {[%emt 0:00:00]} Qc7 {[%emt 0:00:00]} 23. Nxb8 {[%emt
0:00:00]} Rxb8 {[%emt 0:00:03]} 24. dxc5 {[%emt 0:00:04]} Bxc5 {[%emt 0:00:00]}
25. Nb3 {[%emt 0:00:00]} Bd6 {[%emt 0:00:00]} 26. g3 {[%emt 0:00:00]} Qd7 {
[%emt 0:00:00]} 27. Kg2 {[%emt 0:00:00]} h5 {[%emt 0:00:00]} 28. Nd4 {[%emt 0:
00:00]} Ne4 {[%emt 0:00:00]} 29. f3 {[%emt 0:00:00]} Re8 {[%emt 0:00:00]} 30.
fxe4 {[%emt 0:00:00]} dxe4 {[%emt 0:00:00]} 31. Qc4 {[%emt 0:00:00]} e3 {[%emt
0:00:00]} 32. Ne2 {[%emt 0:00:00]} Re6 {[%emt 0:00:00]} 33. Rac1 {[%emt 0:00:
00]} Qe7 {[%emt 0:00:00]} 34. Qd3 {[%emt 0:00:00]} Rg6 {[%emt 0:00:00]} 35.
Rc8+ {[%emt 0:00:00]} Kh7 {[%emt 0:00:00]} 36. Qf5 {[%emt 0:00:00]} h4 {[%emt
0:00:00]} 37. Rc4 {[%emt 0:00:00]} hxg3 {[%emt 0:00:00]} 38. hxg3 {[%emt 0:00:
00]} 1-0

[Event "Württ Kandidatenturnier"]
[Site "Stuttgart"]
[Date "2015.08.31"]
[Round "3.17"]
[White "Langjahr, Marius"]
[Black "Petzelberger, Ferdinand"]
[Result "0-1"]
[WhiteElo "1784"]
[BlackElo "1934"]
[PlyCount "104"]
[EventDate "2015.??.??"]
[EventCountry "GER"]
[WhiteTeam "SK Sachsenheim"]
[BlackTeam "VfL Sindelfingen"]

1. d4 {[%emt 0:00:00]} Nf6 2. c4 g6 3. Nc3 d5 4. Nf3 Bg7 5. e3 O-O 6. Bd2 c5 7.
cxd5 Nxd5 8. Nxd5 Qxd5 9. Bc3 Nc6 10. Rc1 cxd4 11. Nxd4 Nxd4 12. Bxd4 Bxd4 13.
Qxd4 Qxa2 14. Bc4 Qa5+ 15. Qc3 Qxc3+ 16. Rxc3 Bd7 17. Bd5 Rac8 18. Bxb7 Rxc3
19. bxc3 Rb8 20. Be4 Bc6 21. Bc2 Rb2 22. Kd2 Bxg2 23. Rb1 Rxc2+ 24. Kxc2 Be4+
25. Kc1 Bxb1 26. Kxb1 Kf8 27. Kb2 Ke8 28. Kb3 Kd7 29. Kb4 Kc6 30. Ka5 Kb7 31.
Kb5 g5 32. c4 f5 33. c5 e5 34. c6+ Kc7 35. Kc5 a5 36. Kb5 f4 37. e4 g4 38. Kxa5
Kxc6 39. Kb4 h5 40. Kc4 h4 41. Kd3 Kc5 42. Ke2 Kd4 43. f3 g3 44. hxg3 fxg3 45.
Kf1 h3 46. Kg1 Ke3 47. f4 Kxf4 48. Kh1 Kf3 49. Kg1 g2 50. Kh2 Kf2 51. Kxh3 g1=Q
52. Kh4 Qg6 0-1

[Event "Württ Kandidatenturnier"]
[Site "Stuttgart"]
[Date "2015.08.31"]
[Round "3.18"]
[White "Tölg, Wolfgang"]
[Black "Mierzwa, Robert"]
[Result "0-1"]
[WhiteElo "1691"]
[BlackElo "1900"]
[PlyCount "82"]
[EventDate "2015.??.??"]
[EventCountry "GER"]
[WhiteTeam "SF Oeffingen"]
[BlackTeam "SC Weiße Dame Ulm"]

1. e4 e5 2. f4 d5 3. exd5 exf4 4. Nf3 Nf6 5. Bc4 Nxd5 6. O-O Be6 7. Qe2 c6 8.
d4 Bd6 9. Bb3 O-O 10. c3 Nd7 11. Ne5 Nxe5 12. dxe5 Bc5+ 13. Kh1 Ne3 14. Rxf4
Bxb3 15. Bxe3 Bxe3 16. Qxe3 Qd1+ 17. Qg1 Qxg1+ 18. Kxg1 Be6 19. Nd2 Rad8 20.
Ne4 Rd5 21. Re1 Rxe5 22. Kf2 Rd8 23. Re2 Bxa2 24. Ng3 Rxe2+ 25. Kxe2 Bd5 26.
Rd4 c5 27. Rd2 Bc4+ 28. Ke3 Rxd2 29. Kxd2 Bd5 30. Nf5 Bxg2 31. Nd6 Kf8 32. Ke3
Bc6 33. Kf4 f6 34. b4 cxb4 35. cxb4 g6 36. h4 Ke7 37. Nc8+ Ke6 38. Nxa7 Bd7 39.
b5 h6 40. Ke4 g5 41. hxg5 hxg5 0-1

[Event "Württ Kandidatenturnier"]
[Site "Stuttgart"]
[Date "2015.08.31"]
[Round "3.19"]
[White "Freiherr von Hauff, Christopher V"]
[Black "Nam, Seung-Zin"]
[Result "1-0"]
[WhiteElo "1858"]
[BlackElo "1608"]
[PlyCount "85"]
[EventDate "2015.??.??"]
[EventCountry "GER"]
[WhiteTeam "SK Bebenhausen"]
[BlackTeam "SK Bebenhausen"]

1. e4 d6 2. d4 Nf6 3. Nc3 e5 4. Nf3 exd4 5. Nxd4 Be7 6. Bb5+ c6 7. Be2 O-O 8.
Be3 a6 9. O-O c5 10. Nb3 Be6 11. f4 Nc6 12. Bf3 Qc8 13. h3 Rd8 14. Qe2 b5 15.
Rad1 Bc4 16. Qf2 Bxf1 17. Rxf1 Rb8 18. g4 b4 19. Ne2 Re8 20. Qg2 Nd7 21. Ng3
Bf8 22. g5 Nb6 23. h4 Nc4 24. Bc1 g6 25. e5 Nd4 26. Nxd4 cxd4 27. b3 Ne3 28.
Bxe3 dxe3 29. Ne4 Kh8 30. Nf6 Rd8 31. h5 dxe5 32. hxg6 e2 33. Bxe2 Bc5+ 34. Kh1
fxg6 35. f5 Kg7 36. Qh3 Rh8 37. Qh6+ Kf7 38. fxg6+ hxg6 39. Nh7+ Ke7 40. Qg7+
Kd6 41. Rf6+ Kd5 42. Qf7+ Kd4 43. Qc4+ 1-0

[Event "Württ Kandidatenturnier"]
[Site "Stuttgart"]
[Date "2015.08.31"]
[Round "3.20"]
[White "Schreiber, Stephan"]
[Black "Baumeister, Jürgen"]
[Result "0-1"]
[WhiteElo "1792"]
[BlackElo "1823"]
[PlyCount "106"]
[EventDate "2015.??.??"]
[EventCountry "GER"]
[WhiteTeam "SC Botnang"]
[BlackTeam "SC Asperg"]

1. d4 d5 2. Bf4 Bg4 3. h3 Bh5 4. Nd2 e6 5. Ngf3 c5 6. e3 Qb6 7. b3 cxd4 8. exd4
Bb4 9. Be3 Bxf3 10. Qxf3 Nf6 11. Bd3 Bc3 12. Rc1 Nc6 13. Qg3 O-O 14. Bh6 Ne8
15. Bg5 Qxd4 16. Be3 Qb4 17. Rd1 e5 18. f3 e4 19. fxe4 dxe4 20. Bc4 Nd6 21. O-O
Nxc4 22. Nxc4 Qe7 23. Bf4 Bb4 24. Rd5 Qe6 25. Rfd1 Rfd8 26. Rxd8+ Rxd8 27.
Rxd8+ Nxd8 28. Be3 Nc6 29. Qc7 b5 30. Nd2 Bxd2 31. Bxd2 e3 32. Be1 h6 33. Qf4
g5 34. Qf3 f5 35. Bc3 b4 36. Be1 Kg7 37. Qe2 f4 38. c4 a5 39. Qf3 Kg6 40. Qg4
Qf6 41. Qf3 h5 42. Qe4+ Kh6 43. Qd5 g4 44. hxg4 hxg4 45. Bh4 Qg6 46. c5 Qb1+
47. Kh2 Qg6 48. Kg1 f3 49. Bg5+ Qxg5 50. Qxc6+ Kg7 51. Qd7+ Kf8 52. c6 f2+ 53.
Kf1 Qb5+ 0-1

[Event "Württ Kandidatenturnier"]
[Site "Stuttgart"]
[Date "2015.08.31"]
[Round "3.21"]
[White "Engelhardt, Frank"]
[Black "Bauer, Dieter"]
[Result "1-0"]
[WhiteElo "1794"]
[BlackElo "1704"]
[PlyCount "85"]
[EventDate "2015.??.??"]
[EventCountry "GER"]
[WhiteTeam "SC Botnang"]
[BlackTeam "SF Kornwestheim"]

1. d4 Nf6 2. Nf3 c5 3. c3 e6 4. Bg5 d5 5. e3 Be7 6. Nbd2 O-O 7. Bd3 Nbd7 8. O-O
Re8 9. Ne5 Nxe5 10. dxe5 Nd7 11. Bf4 Nf8 12. Bg3 b6 13. f4 d4 14. Qf3 dxe3 15.
Be4 Ba6 16. Qxe3 Bxf1 17. Bxa8 Qxa8 18. Rxf1 Qd5 19. c4 Qc6 20. Ne4 Rd8 21. Qf3
Qd7 22. b3 Qd3 23. Kf2 Qd7 24. Ke2 Qd4 25. Rb1 Qd7 26. Be1 Ng6 27. g3 Nf8 28.
h4 b5 29. Ba5 Rb8 30. Rd1 Qb7 31. Bc3 bxc4 32. Nd6 Qa6 33. Nxc4 Qxa2+ 34. Rd2
Qa6 35. Bb2 Qb5 36. Rd3 Qa6 37. Kf2 Qa2 38. f5 exf5 39. Qxf5 Rxb3 40. Rd2 Qa6
41. Nd6 f6 42. exf6 Bxd6 43. Qd5+ 1-0

[Event "Württ Kandidatenturnier"]
[Site "Stuttgart"]
[Date "2015.09.01"]
[Round "4.1"]
[White "Maisch, Julian"]
[Black "Kunert, Günter"]
[Result "1-0"]
[WhiteElo "2042"]
[BlackElo "2040"]
[PlyCount "63"]
[EventDate "2015.??.??"]
[EventCountry "GER"]
[WhiteTeam "SF Kornwestheim"]
[BlackTeam "SV Dicker Turm Esslingen"]

1. e4 c5 2. Nf3 e6 3. d4 cxd4 4. Nxd4 Nf6 5. f3 Nc6 6. Nc3 Bb4 7. Nxc6 bxc6 8.
Qd4 Qa5 9. Bd2 e5 10. Qd3 O-O 11. Nd1 d5 12. Bxb4 Qxb4+ 13. Qc3 Qb6 14. Bd3 Re8
15. Qd2 Be6 16. Qf2 c5 17. exd5 Bxd5 18. O-O Rac8 19. b3 Qd6 20. Ne3 Qc7 21.
Rad1 Be6 22. Bf5 Rcd8 23. Rxd8 Rxd8 24. Bxe6 fxe6 25. Nc4 e4 26. fxe4 Nxe4 27.
Qf3 Nf6 28. Rd1 Rd5 29. Re1 Rf5 30. Qe2 e5 31. Nxe5 c4 32. Qxc4+ 1-0

[Event "Württ Kandidatenturnier"]
[Site "Stuttgart"]
[Date "2015.09.01"]
[Round "4.2"]
[White "Quernheim, Daniel"]
[Black "Mareck, Sascha"]
[Result "0-1"]
[WhiteElo "2035"]
[BlackElo "2165"]
[PlyCount "76"]
[EventDate "2015.??.??"]
[EventCountry "GER"]
[WhiteTeam "SC Botnang"]
[BlackTeam "SV Nürtingen"]

1. d4 Nf6 2. c4 g6 3. f3 Bg7 4. e4 d6 5. Ne2 O-O 6. Be3 e5 7. Nbc3 c6 8. Qd2
Nbd7 9. g4 a6 10. d5 cxd5 11. cxd5 h5 12. h3 Nh7 13. O-O-O h4 14. Kb1 Bf6 15.
f4 exf4 16. Nxf4 Ne5 17. Na4 Ng5 18. Bd3 Re8 19. Nb6 Rb8 20. Bc2 Nd7 21. Nxd7
Bxd7 22. Qb4 Qe7 23. Rhe1 Nf3 24. Rf1 Ne5 25. Nd3 Bb5 26. Nxe5 Bxf1 27. Nxg6
fxg6 28. Rxf1 Bg7 29. e5 Qxe5 30. Bf4 Qe2 31. Rc1 Rbd8 32. Bg5 a5 33. Qb6 Rc8
34. Bxg6 Rf8 35. Rxc8 Rxc8 36. Bc1 Rxc1+ 37. Kxc1 Bh6+ 38. Kb1 Qd1# 0-1

[Event "Württ Kandidatenturnier"]
[Site "Stuttgart"]
[Date "2015.09.01"]
[Round "4.3"]
[White "Wendler, Werner"]
[Black "Andreev, Vlad"]
[Result "0-1"]
[WhiteElo "2056"]
[BlackElo "2046"]
[PlyCount "155"]
[EventDate "2015.??.??"]
[EventCountry "GER"]
[WhiteTeam "SK Bebenhausen"]
[BlackTeam "SF Pfullingen"]

1. d4 d5 2. c4 e6 3. Nc3 Nf6 4. cxd5 exd5 5. Bg5 c6 6. Qc2 Be7 7. e3 Nbd7 8.
Bd3 Nh5 9. Bxe7 Qxe7 10. Nge2 g6 11. g4 Ng7 12. O-O-O Nb6 13. h3 Bd7 14. Nf4 g5
15. Nfe2 h5 16. Ng3 h4 17. Nf5 Nxf5 18. gxf5 O-O-O 19. Rhe1 Kb8 20. f3 Qd6 21.
Qg2 f6 22. Kb1 Rde8 23. Re2 Re7 24. Rde1 Rhe8 25. Ka1 a6 26. Nd1 c5 27. dxc5
Qxc5 28. Rc2 Qa5 29. Qd2 Qxd2 30. Rxd2 d4 31. Be4 dxe3 32. Nxe3 Bc6 33. Ng4
Bxe4 34. Rde2 Nd5 35. fxe4 Nf4 36. Re3 Ng2 37. Nxf6 Nxe3 38. Rxe3 Rf8 39. Nd5
Rd8 40. Nc3 Rf8 41. Nd5 Re5 42. Kb1 Rxd5 43. exd5 Rxf5 44. d6 Kc8 45. Re7 Rf1+
46. Kc2 Rf2+ 47. Kd3 Rf3+ 48. Kc4 Rxh3 49. Kd5 Rd3+ 50. Ke6 Kd8 51. Rxb7 Re3+
52. Kd5 Re2 53. Kc6 Rc2+ 54. Kd5 h3 55. Ke6 Re2+ 56. Kf5 h2 57. Rh7 Rxb2 58.
Kxg5 Rxa2 59. Kf5 Re2 60. Kf4 a5 61. Kf3 Rd2 62. Ke3 Rb2 63. Kd4 a4 64. Kc5 a3
65. Kc6 Rc2+ 66. Kd5 Rd2+ 67. Kc6 Rc2+ 68. Kd5 a2 69. Rh8+ Kd7 70. Rh7+ Ke8 71.
Re7+ Kd8 72. Re1 Rd2+ 73. Kc6 Rc2+ 74. Kd5 Rg2 75. Kc6 Rg1 76. Re8+ Kxe8 77.
d7+ Kd8 78. Kd6 0-1

[Event "Württ Kandidatenturnier"]
[Site "Stuttgart"]
[Date "2015.09.01"]
[Round "4.4"]
[White "Klaus, Dominik"]
[Black "Pflaum, Stefan"]
[Result "1/2-1/2"]
[WhiteElo "1980"]
[BlackElo "2064"]
[PlyCount "59"]
[EventDate "2015.??.??"]
[EventCountry "GER"]
[WhiteTeam "Ssg Fils-Lauter"]
[BlackTeam "SC Botnang"]

1. d4 f5 2. g3 Nf6 3. Nf3 g6 4. Bg2 Bg7 5. O-O O-O 6. b3 d6 7. Bb2 Na6 8. c4
Qe8 9. Nbd2 c6 10. Re1 {[%emt 0:00:00]} Ne4 11. a3 Qf7 12. Qc2 Nxd2 13. Qxd2 f4
14. e3 fxg3 15. fxg3 Bg4 16. Rf1 Qe6 17. e4 Qd7 18. Rae1 Nc7 19. Rf2 Rae8 20.
Qe3 a6 21. Bc3 Rf7 22. Ref1 Ref8 23. Ng5 Rxf2 24. Rxf2 Rxf2 25. Qxf2 Bf6 26.
Qf4 h6 27. Nf3 Bg7 28. Qe3 Kh7 29. Bf1 Qe6 30. Kf2 1/2-1/2

[Event "Württ Kandidatenturnier"]
[Site "Stuttgart"]
[Date "2015.09.01"]
[Round "4.5"]
[White "Meier, Michael"]
[Black "Löwe, Joachim"]
[Result "0-1"]
[WhiteElo "2013"]
[BlackElo "1936"]
[PlyCount "54"]
[EventDate "2015.??.??"]
[EventCountry "GER"]
[WhiteTeam "SSV Zuffenhausen"]
[BlackTeam "SK Schmiden/Cannstatt"]

1. d4 {[%emt 0:00:00]} Nf6 {[%emt 0:00:00]} 2. c4 e6 3. Nc3 Bb4 4. Qc2 c5 5. e3
O-O 6. a3 Bxc3+ 7. Qxc3 Qc7 8. Nf3 Ne4 9. Qd3 d5 10. Be2 b5 11. cxd5 exd5 12.
dxc5 Qxc5 13. Qxb5 Qd6 14. Qb3 Ba6 15. Nd4 Bxe2 16. Nxe2 Na6 17. Nc3 Nac5 18.
Qxd5 Nd3+ 19. Kf1 Qxd5 20. Nxd5 Rfd8 21. Nc3 Nexf2 22. Rg1 Rac8 23. Ke2 Ng4 24.
h3 Nge5 25. Rd1 f5 26. Nb5 Rc2+ 27. Rd2 Nxc1+ 0-1

[Event "Württ Kandidatenturnier"]
[Site "Stuttgart"]
[Date "2015.09.01"]
[Round "4.6"]
[White "Offergeld, Detlef"]
[Black "Kolb, Roland"]
[Result "0-1"]
[WhiteElo "1721"]
[BlackElo "2007"]
[PlyCount "81"]
[EventDate "2015.??.??"]
[EventCountry "GER"]
[WhiteTeam "SF HN-Biberach"]
[BlackTeam "SF Oeffingen"]

1. e4 d5 2. exd5 Qxd5 3. Nc3 Qa5 4. Nf3 Nf6 5. d3 c5 6. Bg5 Nc6 7. Be2 g6 8.
Qd2 Bg7 9. Bh6 O-O 10. Bxg7 Kxg7 11. O-O Nd4 12. Rfe1 Qc7 13. Nxd4 cxd4 14. Ne4
Nxe4 15. dxe4 e5 16. Rac1 Be6 17. a3 Rfd8 18. Bd3 a5 19. a4 Qb6 20. b3 Rac8 21.
f4 f6 22. Qf2 Qd6 23. g3 Rc3 24. f5 Bxb3 25. fxg6 hxg6 26. cxb3 Rxd3 27. Rc4
Rxb3 28. Rec1 Rc3 29. Qe2 Rxc1+ 30. Rxc1 b6 31. Kg2 Rd7 32. Qd3 Qb4 33. Rc4 Qd6
34. Rc2 Rc7 35. Rb2 Rc3 36. Qa6 Qc6 37. Qa7+ Kh6 38. Re2 Rc2 39. Qb8 Qxe4+ 40.
Kh3 Qf5+ 41. Kh4 0-1

[Event "Württ Kandidatenturnier"]
[Site "Stuttgart"]
[Date "2015.09.01"]
[Round "4.7"]
[White "Siegle, Florian"]
[Black "Heer, Till"]
[Result "0-1"]
[WhiteElo "1944"]
[BlackElo "1912"]
[PlyCount "96"]
[EventDate "2015.??.??"]
[EventCountry "GER"]
[WhiteTeam "Stuttgarter SF"]
[BlackTeam "SF Kornwestheim"]

1. d4 {[%emt 0:00:00]} g6 2. e4 Bg7 3. Bc4 d6 4. Qf3 Nf6 5. e5 dxe5 6. dxe5 Bg4
7. Qd3 Qxd3 8. cxd3 Nfd7 9. f4 Nb6 10. Bb3 Nc6 11. Nc3 Nd4 12. Be3 Nxb3 13.
axb3 O-O 14. Nge2 Rfd8 15. Nc1 a6 16. h3 Bf5 17. Ke2 h5 18. Ra5 Rd7 19. Bxb6
cxb6 20. Rd5 Rad8 21. Rxd7 Rxd7 22. Ke3 h4 23. d4 f6 24. Na4 Rc7 25. Nc3 fxe5
26. fxe5 b5 27. N1e2 e6 28. Ra1 b4 29. Na4 Rc2 30. Kf3 Rd2 31. Rc1 Rd3+ 32. Kf2
Rxb3 33. Rc8+ Kh7 34. Nc1 Rg3 35. Ne2 Rb3 36. Nc1 Rg3 37. Ne2 Rd3 38. Nc5 Rd2
39. b3 b6 40. Ke1 Rc2 41. g4 hxg3 42. Nxg3 bxc5 43. Nxf5 gxf5 44. d5 exd5 45.
e6 Rc3 46. Kf2 Bd4+ 47. Kg2 Re3 48. Rc7+ Kg6 0-1

[Event "Württ Kandidatenturnier"]
[Site "Stuttgart"]
[Date "2015.09.01"]
[Round "4.8"]
[White "Holzinger, Eugen"]
[Black "Schreiber, Hans"]
[Result "1-0"]
[WhiteElo "2065"]
[BlackElo "1892"]
[PlyCount "53"]
[EventDate "2015.??.??"]
[EventCountry "GER"]
[WhiteTeam "SF HN-Biberach"]
[BlackTeam "SV Dicker Turm Esslingen"]

1. Nf3 {[%emt 0:00:00]} Nf6 {[%emt 0:00:01]} 2. c4 {[%emt 0:00:02]} c6 {[%emt
0:00:00]} 3. g3 g6 4. Bg2 Bg7 5. O-O O-O 6. d3 d5 7. Nbd2 Nbd7 8. Rb1 e5 9. Qc2
Re8 10. e4 dxe4 11. dxe4 c5 12. Rd1 Qc7 13. Nf1 Nf8 14. Ne3 Ne6 15. Nd5 Nxd5
16. cxd5 Nd4 17. Nxd4 exd4 18. Bf4 Be5 19. Bxe5 Rxe5 20. Rxd4 Qa5 21. Ra4 Qc7
22. Rc1 b5 23. Rb4 c4 24. Rxb5 Ba6 25. Rb4 Qd6 26. a3 Rc8 27. f4 1-0